[Event "XIX C.to Italiano U20"]
[Site "Montecatini Terme ITA"]
[Date "2011.07.31"]
[Round "1"]
[White "Altini, Nicola"]
[Black "Palazzotto, Roberto"]
[WhiteElo "2267"]
[BlackElo "1914"]
[Result "1-0"]
[PlyCount "46"]
[EventDate "2011.07.31"]

1. Nf3 d5 2. c4 c6 3. g3 Nf6 4. Bg2 e6 5. b3 Bd6 6. Bb2 O-O 7. O-O Nbd7 8. d4
Ne4 9. Nbd2 f5 10. Ne5 Qc7 11. f4 Ndf6 12. Ndf3 b6 13. Rc1 c5 14. b4 dxc4 15.
bxc5 bxc5 16. Nxc4 Be7 17. Nfe5 Bb7 18. Qa4 Rfd8 19. Na5 Bd5 20. Nac6 Rdc8 21.
Nxe7+ Qxe7 22. Ba3 Qb7 23. Rb1 Nc3 1-0

[Event "XIX C.to Italiano U20"]
[Site "Montecatini Terme ITA"]
[Date "2011.07.31"]
[Round "1"]
[White "Codenotti, Marco"]
[Black "Albertini, Luca"]
[WhiteElo "2323"]
[BlackElo "1986"]
[Result "1-0"]
[PlyCount "156"]
[EventDate "2011.07.31"]

1. e4 e5 2. Nf3 Nc6 3. d4 exd4 4. Nxd4 Nf6 5. Nxc6 bxc6 6. e5 Qe7 7. Qe2 Nd5 8.
c4 Ba6 9. Nd2 g6 10. Ne4 Bg7 11. f4 Nb6 12. b3 O-O 13. Bb2 Rfe8 14. O-O-O d5
15. Nd2 Qc5 16. Qf3 dxc4 17. Kb1 Rad8 18. Nxc4 Rxd1+ 19. Qxd1 Bxc4 20. Qc2 Bh6
21. f5 Bg7 22. f6 Bxf6 23. Bxc4 Be7 24. Rc1 Nxc4 25. Qxc4 Qxc4 26. Rxc4 c5 27.
Ra4 Ra8 28. Kc2 Kf8 29. Kc3 f6 30. Kc4 fxe5 31. Bxe5 Ke8 32. Bxc7 Kd7 33. Bb6
Kc6 34. Rxa7 Re8 35. Ba5 Bd6 36. Ra6+ Kd7 37. Kd3 Bxh2 38. Ra7+ Kc6 39. Rxh7
Bf4 40. Rf7 Be5 41. Rf2 Re6 42. Bc3 Bxc3 43. Kxc3 Re3+ 44. Kc4 Re4+ 45. Kd3 Rg4
46. Ke3 Kb5 47. Kf3 Rg5 48. g4 Rd5 49. Re2 Rd6 50. Kf4 Kb4 51. Kg5 Ka3 52. Rc2
Rc6 53. Kh6 Kb4 54. Rc4+ Kb5 55. a4+ Kb6 56. g5 Kc7 57. a5 Kd7 58. Kg7 Kd8 59.
Kf7 Kd7 60. Rc1 Kd8 61. Rd1+ Kc7 62. Re1 Ra6 63. Re5 Rxa5 64. b4 Ra6 65. bxc5
Rc6 66. Re6 Rxc5 67. Kxg6 Kd7 68. Re4 Kd8 69. Kh6 Rc1 70. g6 Rh1+ 71. Kg7 Rg1
72. Kf7 Rf1+ 73. Kg8 Kd7 74. g7 Rh1 75. Kf7 Rf1+ 76. Kg6 Rg1+ 77. Kf6 Kd8 78.
Re5 Rg6+ 1-0

[Event "XIX C.to Italiano U20"]
[Site "Montecatini Terme ITA"]
[Date "2011.07.31"]
[Round "1"]
[White "De Filomeno, Simone"]
[Black "Cinque, Antonio"]
[WhiteElo "2300"]
[BlackElo "1951"]
[Result "1-0"]
[PlyCount "93"]
[EventDate "2011.07.31"]

1. e4 e6 2. d4 d5 3. Nc3 Nf6 4. e5 Nfd7 5. f4 c5 6. Nf3 Nc6 7. Be3 cxd4 8. Nxd4
Bc5 9. Qd2 O-O 10. O-O-O a6 11. Nb3 Bxe3 12. Qxe3 f6 13. exf6 Nxf6 14. h3 Qc7
15. Be2 Bd7 16. Rhf1 b5 17. g4 b4 18. Na4 d4 19. Qg1 Nd5 20. Nac5 Nxf4 21. Bf3
e5 22. Qh1 Rac8 23. Nxa6 Qa7 24. Nac5 Ne7 25. Nxd7 Qxd7 26. Kb1 Qa4 27. Be4 Rc7
28. Rf3 Ra7 29. Nc1 Rc8 30. Rb3 Kh8 31. Qe1 Rb8 32. a3 Rb5 33. Rxb4 Rxb4 34.
Qxb4 Qxb4 35. axb4 Ned5 36. Bxd5 Nxd5 37. c3 h5 38. cxd4 e4 39. gxh5 Rb7 40.
Na2 e3 41. Re1 Re7 42. b5 Nf4 43. b6 Nd3 44. Re2 Nf4 45. b7 Rxb7 46. Rxe3 Nxh5
47. Nc3 1-0

[Event "XIX C.to Italiano U20"]
[Site "Montecatini Terme ITA"]
[Date "2011.07.31"]
[Round "1"]
[White "Guidi, Giacomo G."]
[Black "Caprio, Guido"]
[WhiteElo "1983"]
[BlackElo "2312"]
[Result "0-1"]
[PlyCount "67"]
[EventDate "2011.07.31"]

1. Nf3 c5 2. g3 Nf6 3. Bg2 Nc6 4. O-O e5 5. d3 d5 6. c4 Be7 7. cxd5 Nxd5 8. Nc3
Nc7 9. Nd2 Bd7 10. f4 exf4 11. gxf4 O-O 12. Nf3 Re8 13. Kh1 Be6 14. e4 Bg4 15.
Be3 Nb4 16. d4 cxd4 17. Bxd4 Ne6 18. Be3 Bc5 19. Bxc5 Nxc5 20. Qe2 Nd5 21. Nxd5
Qxd5 22. Qb5 Bd7 23. exd5 Bxb5 24. Rfe1 Nd3 25. Rxe8+ Rxe8 26. Nd4 Bd7 27. f5
Nxb2 28. Rb1 b6 29. Nc6 Nc4 30. Nxa7 Bxf5 31. Rc1 g6 32. Kg1 Bd3 33. Rd1 Ra8
34. Rxd3 0-1

[Event "XIX C.to Italiano U20"]
[Site "Montecatini Terme ITA"]
[Date "2011.07.31"]
[Round "1"]
[White "Migliorini, Matteo"]
[Black "Gallucci, Alessio"]
[WhiteElo "1896"]
[BlackElo "2213"]
[Result "0-1"]
[PlyCount "54"]
[EventDate "2011.07.31"]

1. e4 c5 2. Nf3 Nc6 3. Bb5 Nd4 4. Nxd4 cxd4 5. c3 a6 6. Bc4 d5 7. exd5 Nf6 8.
O-O b5 9. Bb3 Bb7 10. cxd4 Nxd5 11. Nc3 e6 12. Re1 Bb4 13. Qg4 Nf6 14. Qe2 O-O
15. d3 Qxd4 16. Be3 Qh4 17. Qf1 Rfd8 18. Bd1 Nd5 19. Bf3 Rac8 20. Nxd5 Bxd5 21.
Rec1 Bxf3 22. gxf3 Qf6 23. Qe2 Bd6 24. Rxc8 Rxc8 25. Rc1 Qg6+ 26. Kh1 Rxc1+ 27.
Bxc1 Qh5 0-1

[Event "XIX C.to Italiano U20"]
[Site "Montecatini Terme ITA"]
[Date "2011.07.31"]
[Round "1"]
[White "Palazzotto, Giuseppe"]
[Black "Testa, Adriano"]
[WhiteElo "1935"]
[BlackElo "2269"]
[Result "0-1"]
[PlyCount "74"]
[EventDate "2011.07.31"]

1. d4 d5 2. c4 e6 3. Nc3 Nf6 4. Bg5 c6 5. Nf3 Nbd7 6. e3 Qa5 7. Bxf6 Nxf6 8.
Qc2 Bb4 9. Nd2 O-O 10. Bd3 c5 11. Nb3 Qc7 12. dxc5 dxc4 13. Bxc4 Qe5 14. Bd3 a5
15. Rc1 a4 16. Nd2 Qxc5 17. O-O Bd7 18. Nde4 Nxe4 19. Bxe4 a3 20. Bxh7+ Kh8 21.
Qe4 axb2 22. Qh4 Rfd8 23. Nd5 Qxd5 24. Be4+ Kg8 25. Bxd5 bxc1=Q 26. Rxc1 Ba3
27. Rc3 Bb2 28. Rc2 Bf6 29. Qb4 exd5 30. h3 Bc6 31. Rd2 Ra4 32. Qb3 d4 33. Qb6
Ra6 34. Qb3 dxe3 35. Qxe3 Re8 36. Qb3 Re1+ 37. Kh2 Be5+ 0-1

[Event "XIX C.to Italiano U20"]
[Site "Montecatini Terme ITA"]
[Date "2011.08.01"]
[Round "2"]
[White "Bifulco, Michel"]
[Black "De Filomeno, Simone"]
[WhiteElo "2028"]
[BlackElo "2300"]
[Result "0-1"]
[PlyCount "82"]
[EventDate "2011.07.31"]

1. d4 d5 2. c4 e6 3. Nc3 Nf6 4. Bg5 c6 5. cxd5 exd5 6. Qc2 Be7 7. e3 Bg4 8. Bd3
Bh5 9. Nf3 Nbd7 10. Rc1 Bg6 11. O-O O-O 12. a3 Bxd3 13. Qxd3 Ne4 14. Bf4 Nxc3
15. Rxc3 Nb6 16. b4 a6 17. Rb1 Bd6 18. Qf5 Bxf4 19. Qxf4 Nc4 20. Ne5 Nd6 21.
Nd3 Re8 22. Qg4 Re4 23. Qd1 Qg5 24. Nf4 g6 25. Qf3 Rae8 26. Rd3 h5 27. Qg3 Qf5
28. Nxh5 Nb5 29. Nf4 Nxd4 30. Qh3 Qg5 31. Rf1 Nf5 32. Qf3 d4 33. Nh3 Qe7 34.
Re1 dxe3 35. fxe3 Nxe3 36. Nf2 Re5 37. g3 Nc4 38. Red1 Re1+ 39. Kg2 Ne3+ 40.
Rxe3 Rxe3 41. Rd4 Rxf3 0-1

[Event "XIX C.to Italiano U20"]
[Site "Montecatini Terme ITA"]
[Date "2011.08.01"]
[Round "2"]
[White "Caprio, Guido"]
[Black "Puleo, Diego"]
[WhiteElo "2312"]
[BlackElo "2014"]
[Result "1-0"]
[PlyCount "75"]
[EventDate "2011.07.31"]

1. e4 c5 2. Nf3 d6 3. d4 cxd4 4. Nxd4 Nf6 5. Nc3 a6 6. Bc4 e6 7. O-O Be7 8. Bb3
O-O 9. f4 Nbd7 10. Be3 Qc7 11. Qf3 b5 12. g4 Bb7 13. g5 Nxe4 14. Nxe4 Nc5 15.
Nxc5 dxc5 16. Nxe6 Qc8 17. Bd5 Bxd5 18. Qxd5 fxe6 19. Qe4 Ra7 20. a4 b4 21.
Rad1 Rf5 22. h4 Bf8 23. Rf2 Raf7 24. Kg2 g6 25. Rfd2 Qe8 26. Rd8 Qxa4 27. h5
Qb5 28. R1d3 c4 29. Rd2 Qb7 30. Qxb7 Rxb7 31. h6 a5 32. Rc8 c3 33. bxc3 bxc3
34. Rdd8 Rbf7 35. Re8 a4 36. Rxe6 Rd7 37. Ra6 a3 38. Rxa3 1-0

[Event "XIX C.to Italiano U20"]
[Site "Montecatini Terme ITA"]
[Date "2011.08.01"]
[Round "2"]
[White "Franciosi, Fausto"]
[Black "Codenotti, Marco"]
[WhiteElo "2066"]
[BlackElo "2323"]
[Result "1/2-1/2"]
[PlyCount "56"]
[EventDate "2011.07.31"]

1. d4 Nf6 2. c4 g6 3. Nc3 d5 4. cxd5 Nxd5 5. g3 Bg7 6. Bg2 Nb6 7. e3 O-O 8.
Nge2 e5 9. O-O N8d7 10. b3 exd4 11. Nxd4 c5 12. Nde2 Ne5 13. Ba3 Nd3 14. Be4
Nb4 15. Qxd8 Rxd8 16. Rfd1 Re8 17. Rd2 Bg4 18. f3 Rxe4 19. Nxe4 Bxf3 20. Nxc5
Bxa1 21. Bxb4 Nd5 22. Kf2 Bxe2 23. Rxd5 Bg4 24. Nxb7 Be6 25. Rd1 Bf6 26. Nc5 a5
27. Ba3 Bg4 28. Rd5 h5 1/2-1/2

[Event "XIX C.to Italiano U20"]
[Site "Montecatini Terme ITA"]
[Date "2011.08.01"]
[Round "2"]
[White "Gallucci, Alessio"]
[Black "Villa, Giorgio"]
[WhiteElo "2213"]
[BlackElo "1868"]
[Result "1-0"]
[PlyCount "53"]
[EventDate "2011.07.31"]

1. e4 d5 2. d4 dxe4 3. Nc3 Nf6 4. f3 exf3 5. Nxf3 Bg4 6. Bg5 c6 7. Be2 Nbd7 8.
O-O h6 9. Bh4 e6 10. Qe1 Be7 11. Bd3 Nd5 12. Ne4 N7f6 13. Ne5 Bh5 14. Ng3 O-O
15. Bxf6 Nxf6 16. c3 Bd6 17. Bc2 c5 18. Qe3 cxd4 19. cxd4 Bxe5 20. Qxe5 Qd5 21.
Qxd5 exd5 22. Rxf6 gxf6 23. Nxh5 Rac8 24. Bb3 Rfd8 25. Nxf6+ Kg7 26. Nxd5 Rd6
27. Ne7 1-0

[Event "XIX C.to Italiano U20"]
[Site "Montecatini Terme ITA"]
[Date "2011.08.01"]
[Round "2"]
[White "Morello, Guido"]
[Black "Altini, Nicola"]
[WhiteElo "1942"]
[BlackElo "2267"]
[Result "0-1"]
[PlyCount "106"]
[EventDate "2011.07.31"]

1. e4 c5 2. d3 g6 3. g3 Bg7 4. Bg2 Nc6 5. f4 d6 6. Nf3 e5 7. c3 Nge7 8. O-O O-O
9. Be3 b6 10. Nbd2 exf4 11. gxf4 d5 12. Qc2 Ba6 13. Rfe1 Rc8 14. Bf2 d4 15. c4
Nb4 16. Qb1 b5 17. a3 Nbc6 18. b3 bxc4 19. bxc4 Rb8 20. Qc2 Qa5 21. e5 Nd8 22.
Ne4 Ne6 23. Nf6+ Kh8 24. Bg3 Bxf6 25. f5 Nxf5 26. exf6 Nxg3 27. hxg3 Qc3 28.
Qxc3 dxc3 29. Ne5 Rbd8 30. Bd5 Nd4 31. Rac1 c2 32. Kf2 Kg8 33. Ng4 h5 34. Ne5
Rd6 35. Kg2 Bc8 36. Nxg6 Rfd8 37. Ne7+ Kf8 38. Nxc8 Rxc8 39. Re5 Rxf6 40. Rxh5
Ke7 41. Rh4 Rb8 42. Rxd4 cxd4 43. Rxc2 Rb3 44. c5 Rxd3 45. Rb2 Rc3 46. Rb7+ Kf8
47. c6 d3 48. Rd7 d2 49. Be4 Re6 50. Bf3 Ree3 51. Rxd2 Rxf3 52. c7 Rxg3+ 53.
Kh2 Rg8 0-1

[Event "XIX C.to Italiano U20"]
[Site "Montecatini Terme ITA"]
[Date "2011.08.01"]
[Round "2"]
[White "Testa, Adriano"]
[Black "Sagripanti, Michele"]
[WhiteElo "2269"]
[BlackElo "1990"]
[Result "1/2-1/2"]
[PlyCount "51"]
[EventDate "2011.07.31"]

1. d4 Nf6 2. c4 Nc6 3. Nf3 e6 4. g3 Bb4+ 5. Bd2 Qe7 6. Nc3 d6 7. Bg2 O-O 8. O-O
Bxc3 9. Bxc3 Ne4 10. Rc1 Nxc3 11. Rxc3 e5 12. d5 Nb8 13. b4 b6 14. c5 bxc5 15.
bxc5 Na6 16. Nd2 Nxc5 17. Nb3 Na4 18. Rc2 Ba6 19. Qd2 Bb5 20. Rfc1 Rac8 21. Bh3
f5 22. Qa5 a6 23. Rxc7 Rxc7 24. Rxc7 Qf6 25. Qe1 f4 26. Nd2 1/2-1/2

[Event "XIX C.to Italiano U20"]
[Site "Montecatini Terme ITA"]
[Date "2011.08.02"]
[Round "3"]
[White "Altini, Nicola"]
[Black "Caprio, Guido"]
[WhiteElo "2267"]
[BlackElo "2312"]
[Result "0-1"]
[PlyCount "66"]
[EventDate "2011.07.31"]

1. d4 Nf6 2. Nf3 b6 3. e3 Bb7 4. Bd3 g6 5. Nbd2 Bg7 6. O-O O-O 7. e4 Nh5 8. Re1
Nf4 9. Bf1 f5 10. exf5 Rxf5 11. g3 Ne6 12. Bh3 Qf8 13. Bxf5 Qxf5 14. c3 Na6 15.
Qe2 Rf8 16. Nh4 Qf7 17. Ne4 g5 18. d5 gxh4 19. dxe6 Qxe6 20. Ng5 Qf5 21. g4 Qg6
22. f3 Nc5 23. Ne4 h3 24. Nd2 Nd3 25. Rf1 h5 26. Ne4 hxg4 27. Ng3 gxf3 28. Qxe7
f2+ 29. Rxf2 Rxf2 30. Qd8+ Bf8 31. Qxc7 Qf7 32. Be3 Qf3 33. Qc4+ Bd5 0-1

[Event "XIX C.to Italiano U20"]
[Site "Montecatini Terme ITA"]
[Date "2011.08.02"]
[Round "3"]
[White "Carlomagno, Vincenzo"]
[Black "Testa, Adriano"]
[WhiteElo "1893"]
[BlackElo "2269"]
[Result "0-1"]
[PlyCount "56"]
[EventDate "2011.07.31"]

1. e4 e5 2. Nf3 Nc6 3. Bc4 Bc5 4. c3 Nf6 5. d3 O-O 6. Nbd2 d5 7. Bb3 d4 8. Qe2
a5 9. a4 Be6 10. O-O Nd7 11. Bxe6 fxe6 12. Nc4 h6 13. g3 Ba7 14. Kg2 Rf7 15.
Bd2 Kh8 16. Nh4 g5 17. Qh5 Rh7 18. Nf3 Qe8 19. Qxe8+ Rxe8 20. h3 Rf7 21. cxd4
Ref8 22. Nh2 Bxd4 23. Be3 b6 24. Ng4 h5 25. Nh2 Nc5 26. Rfd1 Nb4 27. Bxd4 exd4
28. Rd2 Nb3 0-1

[Event "XIX C.to Italiano U20"]
[Site "Montecatini Terme ITA"]
[Date "2011.08.02"]
[Round "3"]
[White "Codenotti, Marco"]
[Black "Maurizio, Antonio"]
[WhiteElo "2323"]
[BlackElo "2001"]
[Result "1-0"]
[PlyCount "31"]
[EventDate "2011.07.31"]

1. e4 e6 2. d4 d5 3. Nd2 a6 4. Ngf3 c5 5. dxc5 Bxc5 6. Bd3 Nf6 7. Qe2 Nc6 8.
exd5 Nxd5 9. Ne4 Nd4 10. Nxd4 Bxd4 11. O-O Bf6 12. Rd1 Qe7 13. c4 Nb4 14. Bb1
O-O 15. Be3 b6 16. Bxb6 1-0

[Event "XIX C.to Italiano U20"]
[Site "Montecatini Terme ITA"]
[Date "2011.08.02"]
[Round "3"]
[White "De Filomeno, Simone"]
[Black "Gallucci, Alessio"]
[WhiteElo "2300"]
[BlackElo "2213"]
[Result "0-1"]
[PlyCount "52"]
[EventDate "2011.07.31"]

1. e4 e5 2. Nf3 Nc6 3. Bb5 f5 4. d3 Bb4+ 5. c3 Bc5 6. Bxc6 bxc6 7. Nxe5 d6 8.
Nxc6 Qh4 9. O-O Bd7 10. Nd4 fxe4 11. dxe4 Nf6 12. Nd2 O-O 13. f4 Rae8 14. N2f3
Qh5 15. e5 Ng4 16. h3 Nxe5 17. fxe5 dxe5 18. Qb3+ Be6 19. Qb5 exd4 20. cxd4
Rxf3 21. dxc5 Rg3 22. Bf4 Rxg2+ 23. Kxg2 Bxh3+ 24. Kf2 Qh4+ 25. Bg3 Qd4+ 26.
Kf3 Qe3# 0-1

[Event "XIX C.to Italiano U20"]
[Site "Montecatini Terme ITA"]
[Date "2011.08.02"]
[Round "3"]
[White "Guidi, Giacomo G."]
[Black "Di Trapani, Davide"]
[WhiteElo "1983"]
[BlackElo "2067"]
[Result "1-0"]
[PlyCount "45"]
[EventDate "2011.07.31"]

1. Nf3 Nf6 2. g3 b5 3. Bg2 Bb7 4. d3 e6 5. e4 Be7 6. Qe2 d6 7. Nd4 a6 8. f4 Qc8
9. e5 dxe5 10. fxe5 Nfd7 11. Nf3 c5 12. O-O Nc6 13. c3 Qc7 14. d4 O-O 15. Nbd2
Rad8 16. Ne4 cxd4 17. cxd4 Nb6 18. Nfg5 Bxg5 19. Bxg5 Nxd4 20. Qg4 h5 21. Bxd8
Qxe5 22. Qg5 Qxg5 23. Bxg5 1-0

[Event "XIX C.to Italiano U20"]
[Site "Montecatini Terme ITA"]
[Date "2011.08.02"]
[Round "3"]
[White "Sagripanti, Michele"]
[Black "Franciosi, Fausto"]
[WhiteElo "1990"]
[BlackElo "2066"]
[Result "1/2-1/2"]
[PlyCount "54"]
[EventDate "2011.07.31"]

1. e4 d6 2. d4 Nf6 3. Nc3 e5 4. dxe5 dxe5 5. Qxd8+ Kxd8 6. Bg5 Be6 7. O-O-O+
Nbd7 8. f4 exf4 9. e5 h6 10. Bxf6+ gxf6 11. exf6 Kc8 12. Nd5 Bc5 13. Ne2 Bxd5
14. Rxd5 Be3+ 15. Kb1 Nxf6 16. Rf5 Rd8 17. Nc3 Ne4 18. Be2 Nd6 19. Rf6 Rg8 20.
Bf3 Rg6 21. Rxg6 fxg6 22. Bg4+ Nf5 23. Rd1 c6 24. Rd6 Kc7 25. Rxg6 Nh4 26. Rg7+
Kb6 27. g3 fxg3 1/2-1/2

[Event "XIX C.to Italiano U20"]
[Site "Montecatini Terme ITA"]
[Date "2011.08.02"]
[Round "4"]
[White "Dappiano, Andrea"]
[Black "Cinque, Antonio"]
[WhiteElo "2072"]
[BlackElo "1951"]
[Result "1-0"]
[PlyCount "133"]
[EventDate "2011.07.31"]

1. c4 Nf6 2. Nc3 b6 3. e4 d6 4. g3 Bb7 5. Bg2 e6 6. Nge2 Qc8 7. O-O Be7 8. d3
Nbd7 9. f4 h5 10. h3 c5 11. Be3 a6 12. a3 Qc7 13. b4 Rc8 14. Qb3 g6 15. Rfb1
Ba8 16. bxc5 bxc5 17. Qa4 Qc6 18. Ra2 Qxa4 19. Nxa4 Bd8 20. e5 Bxg2 21. Kxg2
dxe5 22. fxe5 Ng8 23. Rb7 Ne7 24. Rab2 Nf5 25. Bf2 Nxe5 26. Nxc5 O-O 27. Nd7
Nxd3 28. R2b3 Nxf2 29. Nxf8 Ne4 30. Nd7 Bc7 31. c5 Nd2 32. Rd3 Ne4 33. h4 Kg7
34. Rb4 Nf6 35. Nxf6 Kxf6 36. Nd4 Nxg3 37. c6 Ne4 38. Nxe6 fxe6 39. Rxe4 e5 40.
Ra4 a5 41. Rd7 Kf5 42. Kf3 Bb6 43. Rc4 Ke6 44. Rb7 Kd5 45. Rc2 Rxc6 46. Rxc6
Kxc6 47. Rg7 Kd5 48. Rxg6 Bd8 49. Kg3 Kc4 50. Re6 Kb3 51. Rd6 Be7 52. Rh6 Kxa3
53. Rxh5 a4 54. Rh7 Bb4 55. h5 Bd2 56. Rb7 Ka2 57. Kf3 a3 58. Ke2 Bc3 59. Kd3
Bb2 60. Kc2 e4 61. Re7 Ba1 62. Rxe4 Bb2 63. h6 Bf6 64. h7 Bh8 65. Re8 Ka1 66.
Rxh8 a2 67. Kd3 1-0

[Event "XIX C.to Italiano U20"]
[Site "Montecatini Terme ITA"]
[Date "2011.08.02"]
[Round "4"]
[White "Guidi, Giacomo G."]
[Black "Altini, Nicola"]
[WhiteElo "1983"]
[BlackElo "2267"]
[Result "0-1"]
[PlyCount "70"]
[EventDate "2011.07.31"]

1. Nf3 c5 2. g3 Nc6 3. Bg2 g6 4. d3 Bg7 5. e4 d6 6. Nbd2 e5 7. h3 Nge7 8. c3
O-O 9. O-O h6 10. Ne1 Be6 11. f4 f5 12. Ndf3 Kh7 13. Qe2 Qd7 14. Kh2 Rae8 15.
Be3 exf4 16. gxf4 c4 17. dxc4 fxe4 18. Nd2 Nf5 19. Nxe4 Bxc4 20. Qxc4 Nxe3 21.
Qd3 Nxf1+ 22. Qxf1 d5 23. Nc5 Qd6 24. Ned3 b6 25. Nb3 Ne5 26. Kh1 Nxd3 27. Qxd3
Qxf4 28. Rf1 Qe3 29. Qxd5 Rxf1+ 30. Bxf1 Qf2 31. Qg2 Rf8 32. Nd2 Qe3 33. Ba6
Rf2 34. Nf1 Qf4 35. Qg1 Qf3+ 0-1

[Event "XIX C.to Italiano U20"]
[Site "Montecatini Terme ITA"]
[Date "2011.08.02"]
[Round "4"]
[White "Morello, Guido"]
[Black "Franciosi, Fausto"]
[WhiteElo "1942"]
[BlackElo "2066"]
[Result "1-0"]
[PlyCount "89"]
[EventDate "2011.07.31"]

1. e4 d6 2. d4 Nf6 3. Nc3 e5 4. Nf3 Nbd7 5. Bc4 Be7 6. dxe5 dxe5 7. Qe2 O-O 8.
Bg5 c6 9. Rd1 h6 10. Bh4 Qc7 11. Bg3 Nh5 12. Nh4 Nf4 13. Bxf4 exf4 14. Nf5 Bf6
15. Rd6 g6 16. Bxf7+ Rxf7 17. Nxh6+ Kg7 18. Nxf7 Kxf7 19. Qc4+ Kf8 20. e5 Bxe5
21. Rxg6 Nf6 22. O-O Qf7 23. Qc5+ Qe7 24. Qxe7+ Kxe7 25. Re1 Kf7 26. Rg5 Bc7
27. Ne4 Nxe4 28. Rxe4 Be6 29. Rh5 Kg6 30. Rh4 Bf5 31. Re7 Rd8 32. g4 Kg5 33.
gxf5 Kxh4 34. Rxc7 f3 35. Rh7+ Kg4 36. h3+ Kxf5 37. Rxb7 Rd2 38. Rb3 Kf4 39.
Rb4+ Kf5 40. Rc4 Rd6 41. Kh2 Rg6 42. Rg4 Rf6 43. Kg3 Ke5 44. Ra4 Rf7 45. Ra3
1-0

[Event "XIX C.to Italiano U20"]
[Site "Montecatini Terme ITA"]
[Date "2011.08.02"]
[Round "4"]
[White "Sagripanti, Michele"]
[Black "De Filomeno, Simone"]
[WhiteElo "1990"]
[BlackElo "2300"]
[Result "0-1"]
[PlyCount "90"]
[EventDate "2011.07.31"]

1. e4 c5 2. c3 Nf6 3. e5 Nd5 4. d4 cxd4 5. Nf3 Nc6 6. cxd4 d6 7. Bc4 Nb6 8. Bb5
dxe5 9. Nxe5 Bd7 10. Nxd7 Qxd7 11. Nc3 Rd8 12. O-O e6 13. Bxc6 bxc6 14. Be3 Be7
15. Qg4 O-O 16. Bh6 Qxd4 17. Qxd4 Rxd4 18. Be3 Rd7 19. Bxb6 axb6 20. Rfd1 Rfd8
21. Rxd7 Rxd7 22. Rd1 Ra7 23. a3 e5 24. Kf1 f5 25. Ke2 Kf7 26. Rd3 Ke6 27. f3
h5 28. Kd2 Ra5 29. Kc2 Bf6 30. Rd1 Rc5 31. Kd3 e4+ 32. fxe4 fxe4+ 33. Kc2 Bxc3
34. bxc3 Rf5 35. Rd2 Ke5 36. Kd1 Rf1+ 37. Ke2 Rc1 38. Rd7 Rc2+ 39. Kf1 g5 40.
Rg7 Kf4 41. g3+ Kf3 42. Rf7+ Ke3 43. Rf5 Kd2 44. Rxg5 e3 45. Re5 Rc1+ 0-1

[Event "XIX C.to Italiano U20"]
[Site "Montecatini Terme ITA"]
[Date "2011.08.02"]
[Round "4"]
[White "Testa, Adriano"]
[Black "Codenotti, Marco"]
[WhiteElo "2269"]
[BlackElo "2323"]
[Result "1/2-1/2"]
[PlyCount "54"]
[EventDate "2011.07.31"]

1. d4 Nf6 2. c4 g6 3. Nf3 Bg7 4. b4 d5 5. e3 b6 6. Bb2 O-O 7. Nbd2 c5 8. dxc5
bxc5 9. bxc5 Na6 10. cxd5 Nxc5 11. Bc4 Bf5 12. O-O Bd3 13. Bxd3 Nxd3 14. Bd4
Qxd5 15. Qb3 Qxb3 16. axb3 a6 17. Ra4 Nd5 18. Bxg7 Kxg7 19. Rfa1 N5b4 20. g3
Rfc8 21. Nc4 Rab8 22. Nfd2 Rb5 23. Ra5 f5 24. Nf3 Nc5 25. Rxb5 axb5 26. Na3
Nxb3 27. Rb1 Rc1+ 1/2-1/2

[Event "XIX C.to Italiano U20"]
[Site "Montecatini Terme ITA"]
[Date "2011.08.03"]
[Round "5"]
[White "Altini, Nicola"]
[Black "Albertini, Luca"]
[WhiteElo "2267"]
[BlackElo "1986"]
[Result "1-0"]
[PlyCount "82"]
[EventDate "2011.07.31"]

1. Nf3 Nf6 2. c4 e6 3. d4 Bb4+ 4. Bd2 Qe7 5. a3 Bxd2+ 6. Nbxd2 d6 7. e4 e5 8.
d5 a5 9. b3 O-O 10. g3 Nh5 11. Bg2 g6 12. O-O Ng7 13. Re1 f5 14. exf5 gxf5 15.
c5 Nd7 16. cxd6 cxd6 17. Rc1 b5 18. Nd4 Nc5 19. Nc6 Qc7 20. Nxe5 Qb6 21. b4
axb4 22. axb4 Ne4 23. Nd3 Ra2 24. Rc2 Rxc2 25. Qxc2 Nf6 26. Nb3 Bb7 27. Nf4 Rc8
28. Qb2 Qd8 29. Nd4 Ng4 30. Nxb5 Qb6 31. Nd4 Rc4 32. Nde6 Ne8 33. Ng5 Nef6 34.
Qe2 Ne5 35. Nd3 Nfd7 36. Nxe5 Nxe5 37. Qh5 Rc7 38. Qe8+ Kg7 39. Ne6+ Kf6 40.
Qd8+ Kg6 41. Qxc7 Qxf2+ 1-0

[Event "XIX C.to Italiano U20"]
[Site "Montecatini Terme ITA"]
[Date "2011.08.03"]
[Round "5"]
[White "Codenotti, Marco"]
[Black "Caprio, Guido"]
[WhiteElo "2323"]
[BlackElo "2312"]
[Result "1/2-1/2"]
[PlyCount "85"]
[EventDate "2011.07.31"]

1. e4 c5 2. Nf3 d6 3. d4 cxd4 4. Nxd4 Nf6 5. Nc3 Nc6 6. Bg5 Bd7 7. Qd2 Rc8 8.
O-O-O Nxd4 9. Qxd4 Qa5 10. f4 Rxc3 11. Bxf6 Rc7 12. Bh4 Qxa2 13. Qb4 e6 14. Bb5
f6 15. Rhe1 d5 16. Bxd7+ Rxd7 17. Qb5 Qc4 18. Rxd5 Qxb5 19. Rxb5 b6 20. f5 e5
21. Bf2 Bd6 22. Rd1 Ke7 23. Rbd5 Rc8 24. Kb1 Rc4 25. Re1 Bc5 26. Bxc5+ Rxc5 27.
Rxd7+ Kxd7 28. Re3 Rc4 29. Rg3 Rxe4 30. Rxg7+ Kc6 31. Rxh7 Rf4 32. Rh3 Rxf5 33.
Rf3 Rxf3 34. gxf3 Kd5 35. Kc1 e4 36. Kd2 exf3 37. Ke3 a5 38. Kxf3 a4 39. h4 b5
40. c3 Ke5 41. Kg3 Kf5 42. Kf3 Ke5 43. Kg3 1/2-1/2

[Event "XIX C.to Italiano U20"]
[Site "Montecatini Terme ITA"]
[Date "2011.08.03"]
[Round "5"]
[White "De Filomeno, Simone"]
[Black "Morello, Guido"]
[WhiteElo "2300"]
[BlackElo "1942"]
[Result "1-0"]
[PlyCount "105"]
[EventDate "2011.07.31"]

1. e4 c5 2. Nf3 Nc6 3. d4 cxd4 4. Nxd4 e5 5. Nb5 d6 6. c4 a6 7. N5a3 Nf6 8. Nc3
Be6 9. Nc2 Be7 10. Ne3 O-O 11. g3 Rc8 12. b3 Nd4 13. Bd2 Nd7 14. Bg2 Nc5 15.
O-O b5 16. cxb5 axb5 17. Ncd5 f5 18. Ba5 Qe8 19. exf5 Nxf5 20. Nc7 Qg6 21. Nxe6
Nxe6 22. Nd5 Bf6 23. a4 bxa4 24. bxa4 Kh8 25. Ra2 Nfd4 26. Bb6 Bg5 27. Qg4 h5
28. Qe4 Qxe4 29. Bxe4 Nf3+ 30. Bxf3 Rxf3 31. Rd1 Nc5 32. Bxc5 dxc5 33. Nb6 Rc7
34. h4 Be7 35. a5 c4 36. Rd7 Rxd7 37. Nxd7 Rd3 38. a6 Rxd7 39. a7 Rxa7 40. Rxa7
Bb4 41. Ra4 Bc3 42. Rxc4 Bd4 43. Kg2 Kh7 44. Rc6 g6 45. Kf3 Kg7 46. Rc2 Kf7 47.
Ke4 Ba1 48. Ra2 Bc3 49. Kd3 Be1 50. Re2 Bb4 51. Rxe5 Kf6 52. Rb5 Be1 53. Ke4
1-0

[Event "XIX C.to Italiano U20"]
[Site "Montecatini Terme ITA"]
[Date "2011.08.03"]
[Round "5"]
[White "Franciosi, Fausto"]
[Black "Dappiano, Andrea"]
[WhiteElo "2066"]
[BlackElo "2072"]
[Result "1-0"]
[PlyCount "111"]
[EventDate "2011.07.31"]

1. d4 d6 2. g3 Nd7 3. c4 e5 4. Nc3 Ngf6 5. Bg2 Be7 6. Nf3 O-O 7. O-O c6 8. e4
Re8 9. d5 cxd5 10. cxd5 Nc5 11. Nd2 a5 12. a4 b6 13. Qe2 Ba6 14. Qd1 Bxf1 15.
Bxf1 Nfd7 16. Nc4 Rf8 17. Bh3 Rb8 18. f3 Na6 19. Be3 Ndc5 20. Nb5 Nc7 21. Na7
Rb7 22. Nc6 Qe8 23. Bxc5 bxc5 24. Bc8 Rb4 25. Nxb4 axb4 26. Bb7 f5 27. Qe2 Qb8
28. Bc6 b3 29. a5 Na6 30. Nxe5 dxe5 31. Qxa6 fxe4 32. fxe4 Qb4 33. Qe2 Qd4+ 34.
Kg2 c4 35. Rd1 Qc5 36. a6 Bd8 37. Rf1 Rxf1 38. Qxf1 Bb6 39. Qf5 Qf8 40. Qxf8+
Kxf8 41. Bb5 c3 42. bxc3 Ke7 43. Kf3 b2 44. Bd3 Kd6 45. Ke2 Kc7 46. Kd2 Ba5 47.
Kc2 b1=Q+ 48. Kxb1 Bxc3 49. Kc2 Bb4 50. Kd1 Bc5 51. Ke2 h5 52. Kf3 g5 53. h4
Be7 54. d6+ Bxd6 55. hxg5 Be7 56. g6 1-0

[Event "XIX C.to Italiano U20"]
[Site "Montecatini Terme ITA"]
[Date "2011.08.03"]
[Round "5"]
[White "Gallucci, Alessio"]
[Black "Testa, Adriano"]
[WhiteElo "2213"]
[BlackElo "2269"]
[Result "0-1"]
[PlyCount "52"]
[EventDate "2011.07.31"]

1. e4 e5 2. Nc3 Nf6 3. f4 d5 4. exd5 exf4 5. d4 Bb4 6. Bb5+ Bd7 7. Qe2+ Qe7 8.
Bd2 Bxc3 9. Bxd7+ Nbxd7 10. Qxe7+ Kxe7 11. bxc3 Nb6 12. Rb1 Nfxd5 13. Nh3 Kd7
14. O-O Nc4 15. Bxf4 f6 16. Rb5 Nxc3 17. Rc5 Ne2+ 18. Kh1 Nxf4 19. Nxf4 Nd6 20.
Nh5 Rhg8 21. h4 Rae8 22. Kh2 Kc8 23. Rc3 Re4 24. Rf4 g6 25. Rg3 Rge8 26. Rxe4
Nxe4 0-1